000 00603nam a22001937a 4500
005 20180731171045.0
008 180731b xxu||||| |||| 00| 0 eng d
010 _aB-220793
020 _c0.00
_a8189253093
035 _aB-220793
040 _adpl
_bEnglish
082 _a004
100 _aRitendra goel
245 _aFundamentals of information technology :
_cby Ritendra goel
260 _aNew Delhi
_bParagon international publishers
_c2005
270 _a5, Ansari road, daryaganj,
_bNew Delhi
_e110002
300 _ax, 426p.
_c23cm (Hb)
942 _2ddc
_cEN
_mGOE
_h004
999 _c155220
_d155220